[Event "Rated Blitz tournament tUTQhcqc"]
[Site "?"]
[Date "2021.04.14"]
[Round "?"]
[White "sloeber84"]
[Black "gmmds2694"]
[Result "0-1"]
[WhiteElo "2287"]
[BlackElo "2616"]
[PlyCount "86"]
[EventDate "2021.??.??"]
[EventType "blitz"]

1. e4 e5 2. Nf3 d5 3. Nxe5 Bd6 4. d4 dxe4 5. Nc4 Nf6 6. Nc3 O-O 7. Bg5 Be7 8.
Qd2 Nc6 9. O-O-O Bf5 10. Ne3 Bg6 11. h4 h6 12. h5 Bh7 13. Bh4 Nb4 14. Kb1 a5
15. a3 Nbd5 16. Bc4 Nxc3+ 17. Qxc3 c6 18. g4 b5 19. Ba2 b4 20. Qc4 bxa3 21. g5
hxg5 22. Bxg5 Rb8 23. b3 Rb4 24. Qc3 Nd5 25. Nxd5 cxd5 26. Bxe7 Qxe7 27. h6 g5
28. Rdg1 f6 29. Rh2 Qd7 30. Rhg2 Kh8 31. Qc5 Rbb8 32. Qxa5 Ra8 33. Qb4 Rfc8 34.
Qb6 Rc6 35. Qb4 Qc7 36. f4 exf3 37. Rf2 Rxc2 38. Ka1 Rc1+ 39. Bb1 Rxg1 40. Rc2
Bxc2 41. Qe7 Rxb1+ 42. Ka2 Rb2+ 43. Ka1 Qxe7 {Normal} 0-1

[Event "Rated Blitz game"]
[Site "?"]
[Date "2021.04.14"]
[Round "?"]
[White "taoneto"]
[Black "Slimslik02"]
[Result "1-0"]
[WhiteElo "2415"]
[BlackElo "2343"]
[PlyCount "107"]
[EventDate "2021.??.??"]
[EventType "blitz"]

1. e4 e5 2. Nf3 d5 3. exd5 e4 4. Qe2 f5 5. d3 Nf6 6. Nc3 Bb4 7. Bg5 O-O 8. Nd2
exd3 9. Qxd3 Qe8+ 10. Be2 Ne4 11. Bf4 Na6 12. O-O-O Bxc3 13. bxc3 Qa4 14. Qc4
Qa3+ 15. Kb1 Nxc3+ 16. Ka1 Nxd1 17. Rxd1 Qb4 18. Rb1 Qxc4 19. Nxc4 Rd8 20. Bf3
h6 21. h4 Rb8 22. d6 Rd7 23. Bd5+ Kh7 24. Be6 c6 25. Bxf5+ Kh8 26. Re1 Rd8 27.
d7 Bxd7 28. Bxd7 Rxd7 29. Bxb8 Nxb8 30. Re8+ Kh7 31. Rxb8 b5 32. Ne3 Rd2 33.
Rf8 a5 34. Kb2 a4 35. Kc3 Re2 36. a3 Re1 37. h5 Ra1 38. Kb2 Rh1 39. g4 Rh2 40.
Kc3 Rh3 41. Kd4 Rh1 42. Kc5 Ra1 43. Kxc6 Rxa3 44. Kxb5 Ra1 45. Nf5 a3 46. Ne7
g5 47. Rf7+ Kh8 48. Ng6+ Kg8 49. Rf8+ Kg7 50. Ra8 a2 51. Kc4 Rg1 52. Rxa2 Rxg4+
53. Kd5 Rg2 54. c4 {Time forfeit} 1-0

[Event "Rated Blitz game"]
[Site "?"]
[Date "2021.04.14"]
[Round "?"]
[White "cantorypoeta"]
[Black "GrandeGila"]
[Result "1-0"]
[WhiteElo "2391"]
[BlackElo "2470"]
[PlyCount "79"]
[EventDate "2021.??.??"]
[EventType "blitz"]

1. e4 e5 2. Nf3 d5 3. exd5 e4 4. Qe2 Nf6 5. Nc3 Be7 6. Nxe4 Nxd5 7. d3 O-O 8.
Be3 f5 9. Ned2 Re8 10. O-O-O Bb4 11. Bg5 Qd7 12. Ne5 Qa4 13. Kb1 Nc6 14. d4
Bxd2 15. Qxd2 Nxe5 16. dxe5 Nb6 17. b3 Qc6 18. f4 Be6 19. Bd3 h6 20. Bh4 Nd5
21. Kb2 b5 22. g4 Ne7 23. Bxe7 Rxe7 24. gxf5 Bd5 25. Rhg1 Kh8 26. f6 gxf6 27.
f5 fxe5 28. Rg6 Qc5 29. Rxh6+ Kg8 30. f6 Qd4+ 31. Kb1 Qf4 32. Rg1+ Kf7 33. Qxf4
exf4 34. Rg7+ Ke6 35. Rxe7+ Kd6 36. Re1 f3 37. f7+ Kc5 38. Rf6 Rf8 39. c3 Rxf7
40. b4# {Normal} 1-0

[Event "Rated Blitz game"]
[Site "?"]
[Date "2021.04.14"]
[Round "?"]
[White "mikromurks"]
[Black "annaly1979"]
[Result "0-1"]
[WhiteElo "2379"]
[BlackElo "2418"]
[PlyCount "44"]
[EventDate "2021.??.??"]
[EventType "blitz"]

1. e4 e5 2. Nf3 d5 3. exd5 e4 4. Qe2 f5 5. d3 Nf6 6. Bg5 Be7 7. Bxf6 Bxf6 8.
dxe4 fxe4 9. Qxe4+ Kf7 10. Be2 Re8 11. Qb4 a5 12. Qb3 a4 13. Qa3 Na6 14. Nc3
Kg8 15. Kf1 Bf5 16. Qxa4 Nc5 17. Qc4 b6 18. Rd1 Kh8 19. Rd2 Bxc3 20. Qxc3 Ne4
21. Qd4 Nxd2+ 22. Qxd2 Rxa2 {Normal} 0-1

[Event "Rated Blitz game"]
[Site "?"]
[Date "2021.04.14"]
[Round "?"]
[White "Cesmaster"]
[Black "Slimslik02"]
[Result "1-0"]
[WhiteElo "2416"]
[BlackElo "2335"]
[PlyCount "85"]
[EventDate "2021.??.??"]
[EventType "blitz"]

1. e4 e5 2. Nf3 d5 3. Nxe5 Bd6 4. d4 dxe4 5. Nc4 Nf6 6. Nxd6+ cxd6 7. Be2 d5 8.
Be3 O-O 9. c4 dxc4 10. Bxc4 Nbd7 11. O-O Nb6 12. Be2 Nbd5 13. Nc3 Be6 14. Qa4
Nxe3 15. fxe3 Nd5 16. Nxd5 Bxd5 17. Rac1 Qg5 18. Rc3 Bc6 19. Qd1 Rad8 20. Qe1
Rd6 21. Rf4 Rg6 22. Qf2 Qa5 23. a3 Qb6 24. b4 a5 25. b5 Bd5 26. Rc5 Qd6 27. b6
Bc6 28. Rxa5 Qe6 29. Rc5 Qa2 30. Bf1 Qxa3 31. Rcf5 Be8 32. Rxe4 Rxb6 33. Ref4
Rb2 34. Qg3 Qa2 35. h4 Bc6 36. Rf2 Rxf2 37. Rxf2 Qd5 38. Kh2 Ra8 39. Qg5 Qxg5
40. hxg5 h6 41. gxh6 Kh7 42. Rxf7 Kh8 43. Rxg7 {Time forfeit} 1-0

[Event "Rated Blitz game"]
[Site "?"]
[Date "2021.04.14"]
[Round "?"]
[White "FlashGordon64"]
[Black "AlaEldin"]
[Result "1-0"]
[WhiteElo "2482"]
[BlackElo "2293"]
[PlyCount "49"]
[EventDate "2021.??.??"]
[EventType "blitz"]

1. e4 e5 2. Nf3 d5 3. Nxe5 Bd6 4. d4 dxe4 5. Bf4 Be6 6. Nc3 Bb4 7. Bb5+ c6 8.
Ba4 Ne7 9. O-O Bxc3 10. bxc3 Nd5 11. Bd2 O-O 12. c4 Nb6 13. Bb3 f6 14. c5 Bxb3
15. axb3 Nc8 16. Nc4 Qxd4 17. Be3 Qxd1 18. Rfxd1 Na6 19. Rd7 Nb4 20. Rxb7 Rd8
21. c3 Nd5 22. Rd1 Nce7 23. Nd6 Ng6 24. Bd4 Ngf4 25. c4 {Time forfeit} 1-0

[Event "Rated Blitz game"]
[Site "?"]
[Date "2021.04.14"]
[Round "?"]
[White "SanyaMIPT"]
[Black "anjaya01"]
[Result "0-1"]
[WhiteElo "2333"]
[BlackElo "2431"]
[PlyCount "38"]
[EventDate "2021.??.??"]
[EventType "blitz"]

1. e4 e5 2. Nf3 d5 3. exd5 Bd6 4. d4 e4 5. Qe2 f5 6. Ne5 Nf6 7. Bg5 O-O 8. Nc3
a6 9. Kd1 b5 10. h4 h6 11. Bxf6 Qxf6 12. f4 b4 13. Nb1 a5 14. Nd2 Nd7 15. Ndc4
Nb6 16. Nxd6 cxd6 17. Nc6 Nxd5 18. Qd2 Bb7 19. Bb5 Rfc8 {Normal} 0-1

[Event "Rated Blitz tournament tUTQhcqc"]
[Site "?"]
[Date "2021.04.14"]
[Round "?"]
[White "andrew09876"]
[Black "gmmds2694"]
[Result "0-1"]
[WhiteElo "2327"]
[BlackElo "2634"]
[PlyCount "82"]
[EventDate "2021.??.??"]
[EventType "blitz"]

1. e4 e5 2. Nf3 d5 3. Nxe5 Bd6 4. d4 dxe4 5. Nc3 Bxe5 6. dxe5 Qxd1+ 7. Kxd1 Nc6
8. Bf4 Nge7 9. Nxe4 Ng6 10. Bg3 Bf5 11. Bd3 O-O-O 12. Kc1 Kb8 13. f4 h5 14. h3
h4 15. Bh2 Nb4 16. Rd1 Rd4 17. a3 Nxd3+ 18. cxd3 Rhd8 19. Kc2 b6 20. Rac1 c5
21. Bg1 Rxd3 22. Re1 Nxf4 23. Kb1 Nxg2 24. Re2 Nf4 25. Ree1 R3d4 26. Bxd4 Rxd4
27. Rcd1 Bxe4+ 28. Ka1 Nd3 29. Rxe4 Rxe4 30. Rxd3 Rxe5 31. Rf3 f5 32. Rd3 g5
33. Rd8+ Kc7 34. Rg8 f4 35. Rf8 Kc6 36. Kb1 Kd5 37. Kc2 Ke4 38. Kd2 Kf3 39. Kd3
Kg2 40. Kc4 f3 41. Rf7 f2 {Normal} 0-1

[Event "Rated Blitz game"]
[Site "?"]
[Date "2021.04.14"]
[Round "?"]
[White "JackTheRipperSlash"]
[Black "jflup"]
[Result "0-1"]
[WhiteElo "2348"]
[BlackElo "2433"]
[PlyCount "46"]
[EventDate "2021.??.??"]
[EventType "blitz"]

1. e4 e5 2. Nf3 d5 3. d4 dxe4 4. Nxe5 Nd7 5. Qh5 Nxe5 6. dxe5 Be6 7. Nc3 Bb4 8.
Bd2 Qe7 9. Bb5+ c6 10. Ba4 O-O-O 11. O-O-O f5 12. Nxe4 fxe4 13. Bxb4 Qxb4 14.
Rxd8+ Kxd8 15. Rd1+ Kc7 16. Qg5 Qe7 17. Qe3 Nh6 18. Qxa7 Nf7 19. a3 Rd8 20. Re1
Qd7 21. Qa5+ Kb8 22. Qc3 Qd4 23. Qa5 Nxe5 {Normal} 0-1

[Event "Rated Blitz game"]
[Site "?"]
[Date "2021.04.14"]
[Round "?"]
[White "ultrahunter"]
[Black "mustafacagan"]
[Result "0-1"]
[WhiteElo "2432"]
[BlackElo "2223"]
[PlyCount "44"]
[EventDate "2021.??.??"]
[EventType "blitz"]

1. e4 e5 2. Nf3 d5 3. exd5 e4 4. Ne5 Qxd5 5. Nc4 Nf6 6. Nc3 Qe6 7. Be2 Bb4 8.
O-O O-O 9. Ne3 Nc6 10. d4 exd3 11. Bxd3 Bd7 12. Re1 Rae8 13. Bd2 Qd6 14. Qf3
Ne5 15. Qxb7 Neg4 16. Nxg4 Nxg4 17. g3 Bc6 18. Ne4 Rxe4 19. Rxe4 Bxb7 20. Bxb4
Qc6 21. Bxf8 Kxf8 22. Rae1 Nf6 {Normal} 0-1

[Event "Rated Blitz game"]
[Site "?"]
[Date "2021.04.14"]
[Round "?"]
[White "Mr_Fish0"]
[Black "Sinrah-Tensei"]
[Result "1/2-1/2"]
[WhiteElo "2405"]
[BlackElo "2405"]
[PlyCount "60"]
[EventDate "2021.??.??"]
[EventType "blitz"]

1. e4 e5 2. Nf3 d5 3. exd5 Bd6 4. d3 f5 5. Bg5 Nf6 6. Nc3 a6 7. Qd2 h6 8. Bxf6
Qxf6 9. O-O-O b5 10. Kb1 O-O 11. h4 Nd7 12. Rg1 Nb6 13. Nh2 b4 14. Ne2 Qxh4 15.
Nf3 Qxf2 16. d4 e4 17. Ne5 a5 18. Rh1 a4 19. g4 e3 20. Qd3 Ba6 21. c4 bxc3 22.
Qxc3 f4 23. Qc2 f3 24. Rxh6 gxh6 25. Qg6+ Kh8 26. Qxh6+ Kg8 27. Qg6+ Kh8 28.
Qh6+ Kg8 29. Qg6+ Kh8 30. Qh6+ Kg8 {Normal} 1/2-1/2

[Event "Rated Blitz game"]
[Site "?"]
[Date "2021.04.14"]
[Round "?"]
[White "Cesmaster"]
[Black "Slimslik02"]
[Result "1-0"]
[WhiteElo "2427"]
[BlackElo "2326"]
[PlyCount "77"]
[EventDate "2021.??.??"]
[EventType "blitz"]

1. e4 e5 2. Nf3 d5 3. Nxe5 Bd6 4. d4 dxe4 5. Nc4 Nf6 6. Nxd6+ Qxd6 7. Be2 Nc6
8. Be3 h5 9. c4 Bf5 10. h3 O-O-O 11. d5 Ne5 12. Nc3 Nd3+ 13. Bxd3 exd3 14. Qf3
g6 15. O-O a6 16. c5 Qe7 17. Bg5 Qe5 18. Rfe1 Ne4 19. Bxd8 d2 20. Red1 Rxd8 21.
Qe3 Re8 22. Nxe4 Bxe4 23. Rxd2 Qh8 24. Re1 Kd8 25. f3 Bf5 26. Qxe8+ Qxe8 27.
Rxe8+ Kxe8 28. Kf2 h4 29. Ke3 g5 30. Kd4 f6 31. b4 Kd7 32. a4 Bg6 33. b5 Bf7
34. c6+ Kc8 35. cxb7+ Kxb7 36. Kc5 axb5 37. axb5 Bg6 38. d6 cxd6+ 39. Rxd6 {
Normal} 1-0

[Event "Titled Tuesday 13th Apr"]
[Site "chess.com INT"]
[Date "2021.04.13"]
[Round "11"]
[White "Skuhala, B.."]
[Black "Locci, D.."]
[Result "0-1"]
[WhiteElo "2077"]
[BlackElo "2216"]
[PlyCount "62"]
[EventDate "2021.04.13"]

1. e4 e5 2. Nf3 d5 3. exd5 e4 4. Nd4 Nf6 5. Nc3 c6 6. Be2 cxd5 7. O-O Nc6 8.
Nxc6 bxc6 9. d3 exd3 10. Bxd3 Be7 11. Bg5 O-O 12. Qf3 h6 13. Bh4 Bg4 14. Qg3 g5
15. Bxg5 hxg5 16. h3 Bd6 17. Qe3 Bf4 18. Qd4 Be6 19. Ne2 Bd6 20. Qe3 Nd7 21.
Qf3 Qf6 22. Qh5 Qg7 23. Ng3 Nf6 24. Qf3 g4 25. hxg4 Bxg4 26. Qe3 Rae8 27. Qd2
Nh5 28. Nxh5 Bxh5 29. Rae1 Bf3 30. g3 Qg4 31. Qh6 Qh5 0-1

[Event "Titled Tuesday 13th Apr"]
[Site "chess.com INT"]
[Date "2021.04.13"]
[Round "10"]
[White "Pichot, A.."]
[Black "Annaberdiyev, B.."]
[Result "1-0"]
[WhiteElo "2630"]
[BlackElo "2146"]
[PlyCount "65"]
[EventDate "2021.04.13"]

1. e4 e5 2. Nf3 d5 3. exd5 e4 4. Qe2 Be7 5. Qxe4 Nf6 6. Qa4+ c6 7. d4 O-O 8.
Be2 cxd5 9. O-O Nc6 10. Bg5 h6 11. Bh4 Bf5 12. Nbd2 Qb6 13. Qb3 Qxb3 14. cxb3
g5 15. Bg3 g4 16. Ne5 Nxd4 17. Bd3 Bxd3 18. Nxd3 Ne4 19. Nxe4 dxe4 20. Nf4 Bg5
21. Rad1 Bxf4 22. Rxd4 Bxg3 23. hxg3 Rae8 24. Rd7 Rb8 25. Rc1 Rfc8 26. Rc4 Rxc4
27. bxc4 Kg7 28. Kf1 Kg6 29. Ke2 f5 30. Ke3 a6 31. b4 a5 32. b5 Rc8 33. Kd4 1-0

[Event "Titled Tuesday 13th Apr"]
[Site "chess.com INT"]
[Date "2021.04.13"]
[Round "9"]
[White "Allahverdiyeva, Ayan"]
[Black "Locci, D."]
[Result "0-1"]
[WhiteElo "2088"]
[BlackElo "2216"]
[PlyCount "36"]
[EventDate "2021.04.13"]
[SourceTitle "The Week in Chess 1380"]
[Source "Mark Crowther"]
[SourceDate "2021.04.19"]
[SourceVersion "1"]
[SourceVersionDate "2021.04.19"]
[SourceQuality "2"]

1. e4 e5 2. Nf3 d5 3. exd5 e4 4. Qe2 Nf6 5. Nc3 Be7 6. Nxe4 O-O 7. d3 Nxd5 8.
c4 Nb4 9. Qd2 f5 10. Neg5 h6 11. Nh3 f4 12. Nxf4 Rxf4 13. Qxf4 Nc2+ 14. Kd1
Nxa1 15. Ne5 Bf6 16. b3 Nc6 17. Bb2 Qd6 18. c5 Bxe5 0-1

[Event "Titled Tuesday 13th Apr"]
[Site "chess.com INT"]
[Date "2021.04.13"]
[Round "7"]
[White "Belenkaya, D."]
[Black "Skatchkov, Valery"]
[Result "0-1"]
[WhiteElo "2293"]
[BlackElo "2283"]
[PlyCount "34"]
[EventDate "2021.04.13"]
[SourceTitle "The Week in Chess 1380"]
[Source "Mark Crowther"]
[SourceDate "2021.04.19"]
[SourceVersion "1"]
[SourceVersionDate "2021.04.19"]
[SourceQuality "2"]

1. e4 e5 2. Nf3 d5 3. exd5 e4 4. Qe2 Nf6 5. Nc3 Be7 6. Nxe4 Nxd5 7. d4 O-O 8.
Bd2 Re8 9. O-O-O f5 10. Nc3 Nxc3 11. Bxc3 Bg5+ 12. Nxg5 Rxe2 13. Bxe2 Qxg5+ 14.
Bd2 Qf6 15. Rhe1 Be6 16. Bf3 c6 17. Bf4 Nd7 0-1

[Event "Titled Tuesday 13th Apr"]
[Site "chess.com INT"]
[Date "2021.04.13"]
[Round "7"]
[White "Muzzi, E.."]
[Black "Ptacnikova, L.."]
[Result "1-0"]
[WhiteElo "1938"]
[BlackElo "2107"]
[PlyCount "27"]
[EventDate "2021.04.13"]

1. e4 e5 2. Nf3 d5 3. exd5 Qxd5 4. Nc3 Qe6 5. Bb5+ c6 6. Ba4 Bc5 7. O-O Nf6 8.
Nxe5 O-O 9. d4 Rd8 10. Bb3 Qf5 11. Nxf7 Be6 12. Bxe6 Qxe6 13. Nxd8 Qd7 14. dxc5
1-0

[Event "Titled Tuesday 13th Apr"]
[Site "chess.com INT"]
[Date "2021.04.13"]
[Round "6"]
[White "Krzyzanowski, M.."]
[Black "Locci, D.."]
[Result "1-0"]
[WhiteElo "2503"]
[BlackElo "2216"]
[PlyCount "71"]
[EventDate "2021.04.13"]

1. e4 e5 2. Nf3 d5 3. exd5 e4 4. Qe2 Nf6 5. Nc3 Be7 6. Nxe4 O-O 7. d3 Nxd5 8.
Qd1 f5 9. Nc3 Nxc3 10. bxc3 Bf6 11. Bd2 Re8+ 12. Be2 Qe7 13. Kf1 c5 14. h4 Nc6
15. Bg5 h6 16. Bxf6 Qxf6 17. Qd2 Be6 18. h5 Rad8 19. a4 b6 20. Rh4 Ne5 21. Rf4
Ng4 22. Re1 Bd5 23. Bd1 Bc6 24. Kg1 Qd6 25. Rxe8+ Rxe8 26. Nh2 Qe5 27. Bxg4
fxg4 28. Nxg4 Qxh5 29. Ne3 Bxa4 30. Rxa4 Qf7 31. d4 Rd8 32. Qe2 Qd7 33. Qa6
cxd4 34. cxd4 Kh8 35. Qxa7 Qxd4 36. Rxd4 1-0

[Event "Titled Tuesday 13th Apr"]
[Site "chess.com INT"]
[Date "2021.04.13"]
[Round "5"]
[White "Baghdasaryan, V."]
[Black "Skatchkov, Valery"]
[Result "1-0"]
[WhiteElo "2364"]
[BlackElo "2283"]
[PlyCount "99"]
[EventDate "2021.04.13"]
[SourceTitle "The Week in Chess 1380"]
[Source "Mark Crowther"]
[SourceDate "2021.04.19"]
[SourceVersion "1"]
[SourceVersionDate "2021.04.19"]
[SourceQuality "2"]

1. e4 e5 2. Nf3 d5 3. Qe2 Nf6 4. exd5 e4 5. d3 Nxd5 6. dxe4 Nb6 7. Nc3 Be6 8.
Bg5 Be7 9. Bxe7 Qxe7 10. O-O-O Nc6 11. Nd5 Bxd5 12. exd5 Qxe2 13. Bxe2 Ne7 14.
c4 O-O-O 15. Rhe1 h6 16. Ne5 Rhf8 17. Bg4+ f5 18. Bf3 g5 19. h3 Rf6 20. b3 a5
21. Rd3 f4 22. Ng4 Rf7 23. Nxh6 Rg7 24. Ng4 Nd7 25. Ne5 Nc5 26. Rd2 Kb8 27. Kc2
Nf5 28. Kc3 Nh4 29. a3 a4 30. b4 Nb3 31. Rde2 Ka7 32. Be4 Re8 33. Nd3 Rge7 34.
f3 Nf5 35. c5 Ne3 36. h4 gxh4 37. Nxf4 Nf5 38. Bc2 Ne3 39. Bxb3 axb3 40. Kxb3
Kb8 41. Ng6 Rg7 42. Rxe3 Rxe3+ 43. Rxe3 Rxg6 44. Re2 Kc8 45. a4 Kd7 46. a5 Rf6
47. Kc4 Rf4+ 48. Re4 h3 49. Rxf4 hxg2 50. Rg4 1-0

[Event "Titled Tuesday 13th Apr"]
[Site "chess.com INT"]
[Date "2021.04.13"]
[Round "3"]
[White "Alonso, Ju"]
[Black "Sarkar, J."]
[Result "0-1"]
[WhiteElo "2407"]
[BlackElo "2365"]
[PlyCount "120"]
[EventDate "2021.04.13"]
[SourceTitle "The Week in Chess 1380"]
[Source "Mark Crowther"]
[SourceDate "2021.04.19"]
[SourceVersion "1"]
[SourceVersionDate "2021.04.19"]
[SourceQuality "2"]

1. e4 e5 2. Nf3 d5 3. Nxe5 Bd6 4. d4 dxe4 5. Qh5 Qe7 6. Bc4 Bxe5 7. Qxe5 Qxe5
8. dxe5 Nc6 9. Bf4 Nge7 10. Bg3 Nf5 11. Bd5 e3 12. fxe3 Nxe3 13. Bxc6+ bxc6 14.
Kd2 Nxg2 15. Nc3 Bh3 16. Ne4 O-O-O+ 17. Kc3 Ne3 18. Rhe1 Nd5+ 19. Kc4 Be6 20.
Kc5 Nb6 21. Rad1 Na4+ 22. Kxc6 Nxb2 23. Nc5 Rxd1 24. Rxd1 Nxd1 25. a4 Rd8 26.
a5 Bd5+ 27. Kb5 Nc3+ 28. Kb4 Ne4 29. c4 Nxg3 30. hxg3 Bc6 31. Nb3 Re8 32. Kc5
Kd7 33. Nd4 Rxe5+ 34. Kb4 Rg5 35. Nc2 Rxg3 36. Nd4 f6 37. Nf5 Rf3 38. Nd4 Rd3
39. Nc2 Rd2 40. Ne1 f5 41. Kc3 Re2 42. Nd3 Re3 43. Kd4 Rxd3+ 44. Kxd3 f4 45.
Ke2 f3+ 46. Kf2 Kd6 47. c5+ Kxc5 48. Ke3 Kb5 49. Kf2 Kxa5 50. Ke3 Kb4 51. Kd4
a5 52. Ke5 a4 53. Ke6 f2 54. Ke7 f1=Q 55. Kd8 Qf6+ 56. Kxc7 Qe6 57. Kb6 Qd6 58.
Ka6 Bb5+ 59. Ka7 Qc7+ 60. Ka8 Bc6# 0-1

[Event "Titled Tuesday 13th Apr"]
[Site "chess.com INT"]
[Date "2021.04.13"]
[Round "2"]
[White "Do Valle Cardoso, Lucas"]
[Black "Mikhailovsky, Vladimir"]
[Result "1-0"]
[WhiteElo "2301"]
[BlackElo "2216"]
[PlyCount "79"]
[EventDate "2021.04.13"]
[SourceTitle "The Week in Chess 1380"]
[Source "Mark Crowther"]
[SourceDate "2021.04.19"]
[SourceVersion "1"]
[SourceVersionDate "2021.04.19"]
[SourceQuality "2"]

1. e4 e5 2. Nf3 d5 3. exd5 e4 4. Qe2 Nf6 5. Nc3 Be7 6. Nxe4 O-O 7. d3 Nxd5 8.
Be3 Re8 9. O-O-O f5 10. Ned2 Bf6 11. g3 f4 12. gxf4 Nxf4 13. Qe1 Qd5 14. d4 b5
15. Kb1 Be6 16. Nb3 Qxf3 17. Bxb5 c6 18. Bd3 Nxd3 19. Rxd3 Bd5 20. Rg1 Nd7 21.
Qc1 a5 22. Nd2 Qf5 23. Ka1 a4 24. a3 Nb6 25. Rg3 Nc4 26. Nxc4 Bxc4 27. Rc3 Bf7
28. Rc5 Qe6 29. c4 Red8 30. Qg1 Rab8 31. f4 Bg6 32. h4 Be7 33. f5 Bxf5 34.
Rxg7+ Kh8 35. Re5 Qxc4 36. Rexe7 Rg8 37. Bh6 Bg6 38. h5 Qxd4 39. Qxd4 c5 40.
Rxh7# 1-0

[Event "Titled Tuesday 13th Apr"]
[Site "chess.com INT"]
[Date "2021.04.13"]
[Round "2"]
[White "Martinez Alcantara, Jose Eduardo"]
[Black "Skatchkov, Valery"]
[Result "1-0"]
[WhiteElo "2620"]
[BlackElo "2283"]
[PlyCount "73"]
[EventDate "2021.04.13"]
[SourceTitle "The Week in Chess 1380"]
[Source "Mark Crowther"]
[SourceDate "2021.04.19"]
[SourceVersion "1"]
[SourceVersionDate "2021.04.19"]
[SourceQuality "2"]

1. e4 e5 2. Nf3 d5 3. d3 dxe4 4. dxe4 Qxd1+ 5. Kxd1 Nc6 6. Nfd2 Be6 7. f3 O-O-O
8. c3 f5 9. Bb5 Na5 10. Kc2 Nf6 11. Re1 g6 12. b4 a6 13. Bf1 Nc6 14. Bc4 Bxc4
15. Nxc4 fxe4 16. fxe4 b5 17. Bg5 Bg7 18. Ne3 Rhf8 19. a4 Kb7 20. axb5 axb5 21.
Na3 Nxe4 22. Bxd8 Rf2+ 23. Kd3 Nxc3 24. Ng4 e4+ 25. Rxe4 Nxe4 26. Kxe4 Re2+ 27.
Kf3 Nd4+ 28. Kg3 Nf5+ 29. Kf3 Nd4+ 30. Kg3 Re8 31. Bf6 Nf5+ 32. Kf2 Bf8 33.
Nxb5 Bxb4 34. Rb1 Bc5+ 35. Kf3 Kc6 36. Ne5+ Kd5 37. Nxc7+ 1-0

[Event "Rated Blitz game"]
[Site "?"]
[Date "2021.04.13"]
[Round "?"]
[White "Crazy_Lemon_Grass"]
[Black "annaly1979"]
[Result "1-0"]
[WhiteElo "2250"]
[BlackElo "2401"]
[PlyCount "41"]
[EventDate "2021.??.??"]
[EventType "blitz"]

1. e4 e5 2. Nf3 d5 3. exd5 e4 4. Ne5 Bd6 5. d4 Nf6 6. c4 b6 7. Nc3 h6 8. f4
exf3 9. Qxf3 O-O 10. Bd3 Re8 11. Bf4 Nbd7 12. O-O-O Bxe5 13. dxe5 Nxe5 14. Qf1
Bg4 15. Re1 Nxd3+ 16. Qxd3 Bh5 17. Qd4 Bg6 18. h3 Qd7 19. Bxh6 Qf5 20. Ne4 Nxe4
21. Qxg7# {Normal} 1-0

[Event "Rated Blitz game"]
[Site "?"]
[Date "2021.04.13"]
[Round "?"]
[White "LongThinShortThick"]
[Black "jflup"]
[Result "0-1"]
[WhiteElo "2347"]
[BlackElo "2433"]
[PlyCount "68"]
[EventDate "2021.??.??"]
[EventType "blitz"]

1. e4 e5 2. Nf3 d5 3. Nxe5 Bd6 4. d4 dxe4 5. Nc3 Nf6 6. Be2 h6 7. Bf4 O-O 8.
O-O Nc6 9. Nxc6 bxc6 10. Bg3 Bxg3 11. hxg3 Rb8 12. b3 Rb4 13. Bc4 Be6 14. a3
Bxc4 15. axb4 Bxf1 16. Kxf1 Qd6 17. Rxa7 Qxb4 18. Na4 Rd8 19. c3 Qb5+ 20. Kg1
c5 21. Rxc7 cxd4 22. cxd4 Qg5 23. Rc5 Qg6 24. Nb6 e3 25. fxe3 Qxg3 26. Nc4 Ng4
27. Qf3 Qe1+ 28. Qf1 Qh4 29. Qf4 Ra8 30. Ra5 Rxa5 31. Nxa5 Qe1+ 32. Qf1 Qxe3+
33. Kh1 Qg3 34. Qg1 Qh4+ {Normal} 0-1

[Event "Rated Blitz game"]
[Site "?"]
[Date "2021.04.13"]
[Round "?"]
[White "Yeknafar"]
[Black "annaly1979"]
[Result "1-0"]
[WhiteElo "2397"]
[BlackElo "2413"]
[PlyCount "159"]
[EventDate "2021.??.??"]
[EventType "blitz"]

1. e4 e5 2. Nf3 d5 3. d4 dxe4 4. Nxe5 Bd6 5. f4 exf3 6. Nxf3 Nf6 7. Bc4 O-O 8.
O-O Bg4 9. h3 Bh5 10. Bg5 Nc6 11. c3 Bg3 12. Nbd2 Re8 13. Bd3 h6 14. Bxf6 Qxf6
15. Ne4 Rxe4 16. Bxe4 Re8 17. Qc2 Qf4 18. Bxc6 bxc6 19. Ne5 Qe3+ 20. Kh1 f6 21.
Nxc6 Bd6 22. Qf2 Qg5 23. Rae1 Rf8 24. Qe3 Qh4 25. Ne7+ Kh8 26. Nf5 Qg5 27. Qxg5
hxg5 28. Nxd6 cxd6 29. Re7 Rb8 30. b3 a5 31. Ra7 Rb5 32. c4 Rb6 33. Rxa5 Kh7
34. Re1 g4 35. hxg4 Bxg4 36. Ra7 Kh6 37. Ree7 g6 38. Kh2 Kg5 39. d5 Rb8 40.
Rab7 Ra8 41. a4 f5 42. Kg3 f4+ 43. Kf2 Rh8 44. Rh7 Re8 45. Rhe7 Rh8 46. a5 Rh1
47. a6 Ra1 48. a7 Ra2+ 49. Ke1 Kh4 50. Rb8 Kg3 51. a8=Q Ra1+ 52. Qxa1 Kxg2 53.
Rg7 Bf5 54. Qb2+ Kg3 55. Rf8 Kg4 56. Rxf5 Kxf5 57. Qf2 g5 58. Rxg5+ Kxg5 59.
Qf3 Kf5 60. Ke2 Ke5 61. Kd3 Kf6 62. Kd4 Ke7 63. Ke4 Kd7 64. Qxf4 Kc7 65. Qf6
Kb6 66. Kf5 Kc5 67. Qe6 Kb4 68. Qxd6+ Kxb3 69. Qc6 Kc3 70. d6 Kd4 71. d7 Kc3
72. d8=Q Kb4 73. Qdd5 Kc3 74. Qdb5 Kd4 75. c5 Ke3 76. Qd5 Kf2 77. Qbb3 Ke1 78.
Qdc4 Kd2 79. Qcc2+ Ke1 80. Qbb1# {Normal} 1-0

[Event "Rated Blitz game"]
[Site "?"]
[Date "2021.04.13"]
[Round "?"]
[White "Vishyking64"]
[Black "ricaurte55"]
[Result "1-0"]
[WhiteElo "2468"]
[BlackElo "2209"]
[PlyCount "41"]
[EventDate "2021.??.??"]
[EventType "blitz"]

1. e4 e5 2. Nf3 d5 3. exd5 e4 4. Qe2 Nf6 5. d3 Be7 6. dxe4 O-O 7. Nc3 Re8 8.
Be3 Bb4 9. Nd2 Bxc3 10. bxc3 Nxe4 11. Nxe4 Rxe4 12. Qd2 Re5 13. Bc4 b5 14. Bxb5
Rxd5 15. Qe2 Bb7 16. O-O Nc6 17. Bc4 Re5 18. Qf3 Qe7 19. Rab1 Na5 20. Rxb7 Nxc4
21. Rxc7 {Normal} 1-0

[Event "Rated Blitz tournament n1Q7cDm3"]
[Site "?"]
[Date "2021.04.13"]
[Round "?"]
[White "AnonymouseGM"]
[Black "rPo6"]
[Result "1-0"]
[WhiteElo "2477"]
[BlackElo "2301"]
[PlyCount "51"]
[EventDate "2021.??.??"]
[EventType "blitz"]

1. e4 e5 2. Nf3 d5 3. exd5 e4 4. Qe2 Nf6 5. d3 Be7 6. dxe4 O-O 7. c4 Re8 8. Nc3
Bb4 9. e5 Ng4 10. Bf4 f6 11. e6 c6 12. O-O-O Bxc3 13. bxc3 Qa5 14. Qc2 Na6 15.
Bd3 Nc5 16. Bxh7+ Kh8 17. Bg6 Re7 18. h3 Nh6 19. Nh4 Na4 20. Rd3 cxd5 21. Rxd5
Qa6 22. Rd8+ Ng8 23. Bf7 Bxe6 24. Ng6+ Kh7 25. Nf8+ Kh8 26. Qh7# {Normal} 1-0

[Event "Rated Blitz game"]
[Site "?"]
[Date "2021.04.13"]
[Round "?"]
[White "BMpachess"]
[Black "magos33"]
[Result "1-0"]
[WhiteElo "2406"]
[BlackElo "2371"]
[PlyCount "107"]
[EventDate "2021.??.??"]
[EventType "blitz"]

1. e4 e5 2. Nf3 d5 3. Nxe5 Bd6 4. d4 dxe4 5. Nc3 Bxe5 6. dxe5 Qxd1+ 7. Nxd1 Nc6
8. Nc3 Nxe5 9. Nxe4 Bf5 10. Bf4 Bxe4 11. Bxe5 f6 12. Bg3 Bxc2 13. Rc1 Bf5 14.
Rxc7 Rc8 15. Bb5+ Kd8 16. Rxc8+ Kxc8 17. Ke2 Ne7 18. Rc1+ Nc6 19. Bxc6 bxc6 20.
Rxc6+ Kd8 21. Rc7 Re8+ 22. Kd2 Re7 23. Rc5 Be6 24. b3 Rd7+ 25. Kc2 Rd5 26.
Rxd5+ Bxd5 27. f3 Kd7 28. Kc3 a6 29. Kd4 Kc6 30. Be1 g6 31. Bc3 f5 32. Ke5 Bf7
33. Kf6 Be8 34. Ke7 Bd7 35. Kf7 g5 36. Kg7 h5 37. Kg6 g4 38. Kxh5 gxf3 39. gxf3
Kd5 40. Kg5 Ke6 41. h4 Kf7 42. h5 Kg8 43. h6 Kh7 44. Bg7 a5 45. a3 Be6 46. b4
axb4 47. axb4 Bd7 48. f4 Kg8 49. Kg6 Be8+ 50. Kxf5 Bd7+ 51. Ke5 Kf7 52. f5 Be8
53. Bf6 Bb5 54. h7 {Normal} 1-0